Резание мерзлых грунтов установкой УРМГ-60

書誌詳細
第一著者: Алимов О. Д.
その他の著者: Басов И. Г., Пратусевич З. М.
言語:ロシア語
出版事項: Томск, 1962
主題:
フォーマット: MixedMaterials 図書
KOHA link:https://koha.lib.tpu.ru/cgi-bin/koha/opac-detail.pl?biblionumber=592139

MARC

LEADER 00000nam0a2200000 4500
001 592139
005 20231101131709.0
035 |a (RuTPU)RU\TPU\tpu\3476 
035 |a TPU00003476 
090 |a 592139 
100 |a 20011210d1962 u y0rusy50 ca 
101 0 |a rus 
102 |a RU 
105 |a  000|y 
200 1 |a Резание мерзлых грунтов установкой УРМГ-60  |f О. Д. Алимов, И. Г. Басов, З. М. Пратусевич 
210 |a Томск  |d 1962 
215 |a 20 с. 
610 1 |a строительное дело 
610 1 |a труды учёных ТПУ 
700 1 |a Алимов  |b О. Д. 
701 1 |a Басов  |b И. Г. 
701 1 |a Пратусевич  |b З. М. 
801 0 |a RU  |b 63413507  |c 20011210  |g PSBO 
801 2 |a RU  |b 63413507  |c 20070228  |g PSBO 
942 |c BK